00763cam a2200205 450000100100000000500170001000800410002702000150006804000250008324500680010826000610017630000280023749000430026550400410030860000250034960000440037408200110041895201110042999900170054000001984020200929170147.0740710s1973 qucaf b 000 0 fre  a0840502249 aDO-SdBNPbspacBNPHU00aOzias Leduc et Paul-Emile Borduas /c[par G.-A. Vachon et al.]. aMontreal, :bPresses de l'Universite de Montreal,c1973. a152 p. :bil. ;c19 cm.0 aConférences J. A. de Séve ;v15-16 aIncluye referencias bibliográficas10aLeduc, Ozias.94234910aBorduas, Paul-Emile,d1905-1960.93950700a759.11 001050718MOaGRbGRcCTd2010-07-07iLF1l0o759.11 p19840-10r2020-06-25w2020-06-25y1ZNo se presta c19353d19353